Normal view
MARC view
- Ma. Ronnaliza Muñoz
Entry Personal Name
001 - CONTROL NUMBER
- control field: 3832
003 - CONTROL NUMBER IDENTIFIER
- control field: URS
005 - DATE AND TIME OF LATEST TRANSACTION
- control field: 20230221101633.0
008 - FIXED-LENGTH DATA ELEMENTS
- fixed length control field: 230221|| aca||aabn | a|a d
040 ## - CATALOGING SOURCE
- Original cataloging agency: URS
100 ## - HEADING--PERSONAL NAME
- Personal name: Ma. Ronnaliza Muñoz
- Relator term: Author